[Event "Benidorm 2015 - sub2000"]
[Site "Benidorm ESP"]
[Date "2015.11.29"]
[Round "2.13"]
[White "Trabazos Gallego, Javier"]
[Black "Salgado Gonzalez, Julio"]
[Result "1-0"]
[WhiteElo "1949"]
[BlackElo "1800"]
[PlyCount "59"]
[EventDate "2015.11.28"]
[EventType "swiss"]
[EventRounds "10"]
[EventCountry "ESP"]
[Source "lmi"]
[SourceDate "2015.11.28"]

1. e4 Nc6 2. Nf3 f5 3. exf5 d5 4. Bb5 Bxf5 5. d4 Qd6 6. Ne5 Bd7 7. Bxc6 Bxc6 8.
O-O Nh6 9. Qf3 Qf6 10. Qb3 g6 11. Nc3 O-O-O 12. Nb5 Kb8 13. a4 Nf5 14. c3 Be8
15. Bf4 Nd6 16. Bg3 Ne4 17. Ng4 Nxg3 18. Nxf6 Ne2+ 19. Kh1 exf6 20. Rfe1 Nf4
21. a5 a6 22. Na3 Bd6 23. Qc2 Bd7 24. b4 Bf5 25. Qb3 Nd3 26. Rf1 Rhe8 27. b5
Ka7 28. Nc2 Re2 29. bxa6 bxa6 30. Rab1 1-0

[Event "Benidorm 2015 - sub2000"]
[Site "Benidorm ESP"]
[Date "2015.11.29"]
[Round "2.15"]
[White "Martinez Dourado, Daniel"]
[Black "Martinez Magan, Jose Manuel"]
[Result "1-0"]
[WhiteElo "1783"]
[BlackElo "1945"]
[PlyCount "31"]
[EventDate "2015.11.28"]
[EventType "swiss"]
[EventRounds "10"]
[EventCountry "ESP"]
[Source "lmi"]
[SourceDate "2015.11.28"]

1. e4 d5 2. exd5 Qxd5 3. d4 Nf6 4. c4 Qd8 5. Nc3 c6 6. Nf3 Bg4 7. Be2 e6 8. O-O
Bd6 9. Ne5 Bxe2 10. Qxe2 O-O 11. Bg5 Be7 12. Rad1 Re8 13. Rfe1 Qc8 14. Rd3 Na6
15. Rh3 Rf8 16. Ne4 1-0

[Event "Benidorm 2015 - sub2000"]
[Site "Benidorm ESP"]
[Date "2015.11.30"]
[Round "3.1"]
[White "Vallbona Domingo, Joan"]
[Black "Pastor Villalba, Arturo"]
[Result "1/2-1/2"]
[WhiteElo "1998"]
[BlackElo "1886"]
[PlyCount "64"]
[EventDate "2015.11.28"]
[EventType "swiss"]
[EventRounds "10"]
[EventCountry "ESP"]
[Source "lmi"]
[SourceDate "2015.11.28"]
[WhiteClock "0:25:59"]
[BlackClock "0:09:53"]

1. c4 e5 2. Nc3 d6 3. Nf3 f5 4. d4 e4 5. Ng5 Be7 6. Nh3 Nf6 7. g3 c6 8. Nf4 Qb6
9. h4 a5 10. e3 Na6 11. Bd2 Qc7 12. Be2 O-O 13. Kf1 Ng4 14. Kg2 Nh6 15. Qb3 Kh8
16. Na4 Bd8 17. Rac1 b6 18. a3 Rb8 19. Qd1 Qd7 20. Nc3 Nc7 21. d5 c5 22. f3
exf3+ 23. Bxf3 Bf6 24. Rc2 Qe8 25. Nh5 Be5 26. e4 Bd7 27. Bf4 Bxf4 28. Nxf4 Ng4
29. Re1 Ne5 30. exf5 Bxf5 31. Ne4 Qd7 32. Rce2 Nd3 1/2-1/2

[Event "Benidorm 2015 - sub2000"]
[Site "Benidorm ESP"]
[Date "2015.11.30"]
[Round "3.2"]
[White "Parks, Joseph"]
[Black "Blesa Fernandez, Francisco"]
[Result "0-1"]
[WhiteElo "1892"]
[BlackElo "1997"]
[PlyCount "104"]
[EventDate "2015.11.28"]
[EventType "swiss"]
[EventRounds "10"]
[EventCountry "ESP"]
[Source "lmi"]
[SourceDate "2015.11.28"]
[WhiteClock "0:09:33"]
[BlackClock "0:03:29"]

1. d4 d5 2. c4 c6 3. Nf3 Nf6 4. e3 Bf5 5. Nbd2 e6 6. b3 Nbd7 7. Bb2 Bd6 8. Be2
Qe7 9. O-O h6 10. cxd5 exd5 11. Re1 O-O 12. Nf1 Bb4 13. N1d2 Ne4 14. Nxe4 Bxe4
15. Rf1 a5 16. Ne1 Rfe8 17. Bd3 Bd6 18. Bxe4 Qxe4 19. Qd3 Qh4 20. Nf3 Qh5 21.
h3 Re6 22. Rfe1 Nf6 23. a3 Ne4 24. Qe2 Rae8 25. Ne5 Qxe2 26. Rxe2 f6 27. Nd3 f5
28. Ne5 Ra8 29. Rc1 Ra6 30. f3 Nf6 31. Kf1 Ra8 32. Nd3 Rae8 33. Rce1 Nh5 34.
Kg1 Ng3 35. Ne5 Nxe2+ 36. Rxe2 Bxe5 37. dxe5 Kf7 38. f4 Ra8 39. Bc3 Ra6 40. Rc2
Re8 41. b4 axb4 42. axb4 Rea8 43. Bd4 Ra2 44. Rc1 Re2 45. b5 Rc8 46. bxc6 bxc6
47. Bc5 Rb2 48. Ra1 Rb7 49. Rc1 Rb5 50. Bd6 c5 51. Ra1 Rb7 52. Ra5 c4 0-1

[Event "Benidorm 2015 - sub2000"]
[Site "Benidorm ESP"]
[Date "2015.11.30"]
[Round "3.3"]
[White "Haddad Filho, Paulo Ibrahim"]
[Black "La Orden Gil, Javier"]
[Result "1/2-1/2"]
[WhiteElo "1883"]
[BlackElo "1991"]
[PlyCount "73"]
[EventDate "2015.11.28"]
[EventType "swiss"]
[EventRounds "10"]
[EventCountry "ESP"]
[Source "lmi"]
[SourceDate "2015.11.28"]
[WhiteClock "0:07:03"]
[BlackClock "0:27:52"]

1. e4 c5 2. b4 d6 3. bxc5 dxc5 4. Nf3 Nc6 5. Bc4 Nf6 6. e5 Nd5 7. Bb2 e6 8. Nc3
Nxc3 9. Bxc3 Be7 10. O-O O-O 11. Qe2 b6 12. Rad1 Bb7 13. d4 Nxd4 14. Nxd4 cxd4
15. Bxd4 Qc7 16. Bd3 Rfd8 17. c3 Bc5 18. Rd2 Bxd4 19. cxd4 Rac8 20. Rfd1 g6 21.
Be4 Bxe4 22. Qxe4 Qc4 23. Qe3 b5 24. h3 a5 25. d5 Rxd5 26. Rxd5 exd5 27. e6 d4
28. exf7+ Qxf7 29. Qxd4 Qxa2 30. Qb6 b4 31. h4 Rf8 32. Re1 Qd5 33. Re7 Rf7 34.
Re8+ Rf8 35. Re7 Rf7 36. Re8+ Rf8 37. Re7 1/2-1/2

[Event "Benidorm 2015 - sub2000"]
[Site "Benidorm ESP"]
[Date "2015.11.30"]
[Round "3.4"]
[White "Ayats Llobera, Gerard"]
[Black "Sendra Tormo, Juan"]
[Result "1/2-1/2"]
[WhiteElo "1988"]
[BlackElo "1881"]
[PlyCount "103"]
[EventDate "2015.11.28"]
[EventType "swiss"]
[EventRounds "10"]
[EventCountry "ESP"]
[Source "lmi"]
[SourceDate "2015.11.28"]
[WhiteClock "0:05:11"]
[BlackClock "0:33:03"]

1. e4 e6 2. d4 d5 3. Nd2 Nc6 4. Ngf3 Nf6 5. e5 Nd7 6. Bb5 a6 7. Bxc6 bxc6 8.
Nb3 c5 9. dxc5 Nxc5 10. Nxc5 Bxc5 11. O-O O-O 12. Qd3 Be7 13. b4 c6 14. Nd4 Qc7
15. c3 a5 16. Qg3 Kh8 17. Bd2 Ba6 18. Rfc1 Bc4 19. Bg5 Bxg5 20. Qxg5 axb4 21.
cxb4 Ra3 22. h4 Rfa8 23. Qf4 Kg8 24. Nf3 Rxa2 25. Rxa2 Rxa2 26. Qd4 h6 27. Qc5
Qa7 28. Qxa7 Rxa7 29. Nd4 Rb7 30. Nxc6 Rb6 31. Ne7+ Kf8 32. Nc8 Rxb4 33. Nd6 f6
34. f4 fxe5 35. fxe5 Kg8 36. Rc2 Ra4 37. Kf2 Ra2 38. Rxa2 Bxa2 39. Nb5 Kf7 40.
Nd4 Bb1 41. Ke3 Be4 42. g3 g5 43. hxg5 hxg5 44. Kf2 Bf5 45. Ke3 Kg6 46. Kf3 Kf7
47. Ke3 Ke7 48. Nf3 g4 49. Nd4 Kf7 50. Kf4 Kg6 51. Nb5 Kh6 52. Nd4 1/2-1/2

[Event "Benidorm 2015 - sub2000"]
[Site "Benidorm ESP"]
[Date "2015.11.30"]
[Round "3.5"]
[White "Landa Monux, Josu"]
[Black "Urrutia Mule, Oriol"]
[Result "1-0"]
[WhiteElo "1976"]
[BlackElo "1878"]
[PlyCount "60"]
[EventDate "2015.11.28"]
[EventType "swiss"]
[EventRounds "10"]
[EventCountry "ESP"]
[Source "lmi"]
[SourceDate "2015.11.28"]
[WhiteClock "0:01:43"]
[BlackClock "0:27:03"]

1. g3 Nf6 2. Bg2 g6 3. Nf3 Bg7 4. d3 d6 5. e4 e5 6. O-O O-O 7. Nbd2 Nc6 8. c3
Nd7 9. Re1 f5 10. exf5 gxf5 11. Nc4 d5 12. Bg5 Qe8 13. Ne3 Qf7 14. c4 dxc4 15.
Nxc4 e4 16. Nh4 Nc5 17. dxe4 fxe4 18. Ne3 Qxf2+ 19. Kh1 Nd3 20. Re2 Bxb2 21.
Bxe4 Qxe2 22. Qxe2 Nf2+ 23. Kg2 Bh3+ 24. Kg1 Bxa1 25. Bxh7+ Kg7 26. Qh5 Ng4 27.
Nhf5+ Rxf5 28. Nxf5+ Kf8 29. Bh6+ Nxh6 30. Qxh6+ Ke8 1-0

[Event "Benidorm 2015 - sub2000"]
[Site "Benidorm ESP"]
[Date "2015.11.30"]
[Round "3.6"]
[White "Rionda Medio, Angel Arturo"]
[Black "Rios Torondell, Jaume"]
[Result "0-1"]
[WhiteElo "1972"]
[BlackElo "1861"]
[PlyCount "43"]
[EventDate "2015.11.28"]
[EventType "swiss"]
[EventRounds "10"]
[EventCountry "ESP"]
[Source "lmi"]
[SourceDate "2015.11.28"]
[WhiteClock "0:45:06"]
[BlackClock "0:23:01"]

1. d4 e6 2. c4 Nf6 3. Nc3 c5 4. d5 exd5 5. cxd5 d6 6. e4 g6 7. f4 Bg7 8. e5
dxe5 9. fxe5 Qe7 10. Qe2 Nfd7 11. e6 fxe6 12. dxe6 Nb6 13. Be3 O-O 14. O-O-O
Bxe6 15. Bxc5 Bh6+ 16. Be3 Bc4 17. Bxh6 Bxe2 18. Bxe2 Rc8 19. Bf3 Nc6 20. Nh3
Ne5 21. Bg5 Qb4 22. Bf6 0-1

[Event "Benidorm 2015 - sub2000"]
[Site "Benidorm ESP"]
[Date "2015.11.30"]
[Round "3.7"]
[White "Martinez De Sor Gordon, Jose M"]
[Black "Pes Mateo, Angel"]
[Result "1/2-1/2"]
[WhiteElo "1867"]
[BlackElo "1971"]
[PlyCount "126"]
[EventDate "2015.11.28"]
[EventType "swiss"]
[EventRounds "10"]
[EventCountry "ESP"]
[Source "lmi"]
[SourceDate "2015.11.28"]

1. e4 c5 2. Nc3 a6 3. g3 d6 4. Bg2 e5 5. d3 Nf6 6. h3 Be7 7. Be3 Nc6 8. Nd5 b5
9. Ne2 O-O 10. O-O Be6 11. Kh2 Rb8 12. f4 Ne8 13. Nxe7+ Nxe7 14. fxe5 dxe5 15.
Bxc5 Rc8 16. Bxe7 Qxe7 17. a3 Nd6 18. Nc3 Qg5 19. Qc1 Qh5 20. Qe3 Rc6 21. Qf3
Qg5 22. h4 Qg6 23. Bh3 Rfc8 24. Rf2 Bxh3 25. Kxh3 Qe6+ 26. Qg4 Qxg4+ 27. Kxg4
Kf8 28. Rc1 Ne8 29. Nd5 Nc7 30. Nxc7 R8xc7 31. Kf3 a5 32. Ke3 Ke7 33. c3 b4 34.
axb4 axb4 35. Kd2 Rb7 36. Ke3 Rbc7 37. Kd2 Rb7 38. cxb4 Rxc1 39. Kxc1 Rxb4 40.
Kc2 Ke6 41. Kc3 Rd4 42. b4 f6 43. Ra2 Rd7 44. Ra6+ Ke7 45. b5 Kd8 46. Rc6 Rb7
47. Kb4 Kd7 48. Rc4 Kd6 49. Ka5 Ra7+ 50. Kb6 Ra3 51. d4 exd4 52. Rxd4+ Ke5 53.
Rc4 Rxg3 54. Kc7 Rb3 55. b6 g5 56. b7 gxh4 57. Rc5+ Kxe4 58. Rh5 f5 59. Rxh7
Rxb7+ 60. Kxb7 f4 61. Kc6 f3 62. Rxh4+ Ke3 63. Kd5 f2 1/2-1/2

[Event "Benidorm 2015 - sub2000"]
[Site "Benidorm ESP"]
[Date "2015.12.01"]
[Round "4.1"]
[White "Blesa Fernandez, Francisco"]
[Black "Do Rosario, Jose"]
[Result "1-0"]
[WhiteElo "1997"]
[BlackElo "1839"]
[PlyCount "153"]
[EventDate "2015.11.28"]
[EventType "swiss"]
[EventRounds "10"]
[EventCountry "ESP"]
[Source "lmi"]
[SourceDate "2015.11.28"]
[WhiteClock "0:06:52"]
[BlackClock "0:01:39"]

1. d4 e6 2. c4 d5 3. Nc3 c6 4. e4 dxc4 5. Bxc4 c5 6. Nf3 cxd4 7. Nxd4 a6 8. a4
Bd7 9. Be3 Nc6 10. O-O Nf6 11. Kh1 Nxd4 12. Bxd4 Bc6 13. f3 Be7 14. a5 O-O 15.
Na4 Nd7 16. Nb6 Nxb6 17. Bxb6 Qxd1 18. Rfxd1 Rfc8 19. b3 Bd8 20. Bxd8 Rxd8 21.
Kg1 Kf8 22. e5 Ke7 23. Kf2 h6 24. Ke3 Rac8 25. Rxd8 Rxd8 26. b4 Rc8 27. Kd4 Kd7
28. f4 g6 29. g3 h5 30. Ra2 Kc7 31. Rc2 Rd8+ 32. Ke3 Rd1 33. b5 axb5 34. Bxb5
Ra1 35. a6 Kb6 36. axb7 Bxb7 37. Be8 Ra3+ 38. Kf2 Be4 39. Rd2 Ra7 40. Rd7 Rxd7
41. Bxd7 Kc7 42. Be8 Kd8 43. Bb5 Ke7 44. Ke3 Bd5 45. Be2 Bc6 46. g4 hxg4 47.
Bxg4 Bg2 48. Kf2 Be4 49. Kg3 Bc2 50. Kh4 Be4 51. Kg5 Bd3 52. h4 Be4 53. Kh6 Kf8
54. h5 gxh5 55. Bxh5 Kg8 56. Bg4 Kf8 57. Be2 Ke7 58. Kg7 Bg6 59. Bb5 Bf5 60.
Bc6 Bg6 61. Bf3 Ke8 62. Kf6 Kf8 63. Bg4 Bh7 64. Bh5 Bg8 65. Be2 Bh7 66. Bg4 Bg6
67. Bxe6 Bh5 68. Bd5 Ke8 69. Bc6+ Kf8 70. Bd5 Ke8 71. Kg5 Be2 72. Kf6 Bh5 73.
f5 Kf8 74. e6 fxe6 75. fxe6 Ke8 76. e7 Kd7 77. Bf7 1-0

[Event "Benidorm 2015 - sub2000"]
[Site "Benidorm ESP"]
[Date "2015.12.01"]
[Round "4.2"]
[White "Stamenov, Valeriy"]
[Black "Landa Monux, Josu"]
[Result "1-0"]
[WhiteElo "1913"]
[BlackElo "1976"]
[PlyCount "35"]
[EventDate "2015.11.28"]
[EventType "swiss"]
[EventRounds "10"]
[EventCountry "ESP"]
[Source "lmi"]
[SourceDate "2015.11.28"]
[WhiteClock "0:49:03"]
[BlackClock "0:18:11"]

1. e4 d6 2. d4 Nf6 3. Nc3 g6 4. Nf3 Bg7 5. h3 O-O 6. Be3 c6 7. a4 Qc7 8. Bc4
Nbd7 9. a5 e5 10. dxe5 dxe5 11. O-O Nh5 12. Qd2 Nf4 13. Rfd1 b5 14. axb6 Nxb6
15. Bb3 Be6 16. Bxf4 exf4 17. Qd6 Nd5 18. Rxd5 1-0

[Event "Benidorm 2015 - sub2000"]
[Site "Benidorm ESP"]
[Date "2015.12.01"]
[Round "4.3"]
[White "Rios Torondell, Jaume"]
[Black "Bote Kobolo, Benjamin"]
[Result "1-0"]
[WhiteElo "1861"]
[BlackElo "1966"]
[PlyCount "155"]
[EventDate "2015.11.28"]
[EventType "swiss"]
[EventRounds "10"]
[EventCountry "ESP"]
[Source "lmi"]
[SourceDate "2015.11.28"]
[WhiteClock "0:02:29"]
[BlackClock "0:03:41"]

1. b3 e5 2. Bb2 Nc6 3. e3 Nf6 4. Bb5 Bd6 5. Na3 O-O 6. Nc4 Qe7 7. Nxd6 Qxd6 8.
Nf3 e4 9. Nh4 Ne5 10. f4 exf3 11. Nxf3 Ng6 12. Qe2 c6 13. Bd3 Re8 14. g3 Qe7
15. O-O-O d5 16. h3 a5 17. g4 a4 18. Nd4 Ne4 19. Bxe4 Qxe4 20. Qf3 Qxf3 21.
Nxf3 axb3 22. axb3 c5 23. Rhg1 Bd7 24. h4 Re4 25. h5 Nf8 26. Ne5 Be6 27. g5 Ra2
28. Nd3 b6 29. Nf2 Rh4 30. Rh1 Rxh1 31. Rxh1 Bf5 32. Rh4 Be6 33. h6 gxh6 34.
gxh6 Ng6 35. Ra4 Rxa4 36. bxa4 Bd7 37. Bc3 Bxa4 38. Ng4 Kf8 39. Nf6 Ke7 40.
Nxh7 f5 41. Ng5 d4 42. exd4 f4 43. dxc5 bxc5 44. h7 Bc6 45. Nh3 f3 46. h8=Q
Nxh8 47. Bxh8 Ke6 48. Kd1 Kf5 49. Ke1 Kg4 50. Nf2+ Kf5 51. d3 c4 52. dxc4 Ba4
53. Kd2 Bc6 54. Ke3 Ke6 55. Ng4 Ba4 56. c3 Bb3 57. Kd4 Kf5 58. Ne3+ Kf4 59.
Be5+ Kg5 60. Bg3 Kf6 61. Ke4 Ke6 62. Kxf3 Kd7 63. Ke4 Ba4 64. Kd5 Bc6+ 65. Kc5
Bb7 66. Kb6 Be4 67. Nd5 Kc8 68. Nf6 Bf3 69. c5 Bg2 70. c6 Bf3 71. Ne8 Bg4 72.
Nd6+ Kb8 73. c7+ Ka8 74. Kc5 Ka7 75. c8=Q Bxc8 76. Nxc8+ Kb7 77. Ne7 Ka7 78.
Kd6 1-0

[Event "Benidorm 2015 - sub2000"]
[Site "Benidorm ESP"]
[Date "2015.12.01"]
[Round "4.4"]
[White "Corral Aragon, Juan Maria"]
[Black "Castrillon Otero, Javier"]
[Result "1-0"]
[WhiteElo "1827"]
[BlackElo "1952"]
[PlyCount "123"]
[EventDate "2015.11.28"]
[EventType "swiss"]
[EventRounds "10"]
[EventCountry "ESP"]
[Source "lmi"]
[SourceDate "2015.11.28"]
[WhiteClock "0:53:09"]
[BlackClock "0:01:27"]

1. e4 c5 2. Nf3 d6 3. d4 cxd4 4. Nxd4 Nf6 5. Nc3 a6 6. Bg5 e6 7. f4 Be7 8. Qf3
Qc7 9. O-O-O Bd7 10. g4 Nc6 11. h4 Nxd4 12. Rxd4 Rc8 13. Rc4 Bc6 14. Bxf6 Bxf6
15. g5 b5 16. Rxc6 Qxc6 17. gxf6 b4 18. fxg7 Rg8 19. Rg1 bxc3 20. bxc3 Qxc3 21.
Qxc3 Rxc3 22. Bxa6 Ke7 23. Kd2 Rh3 24. a4 Kf6 25. Bd3 Rxh4 26. Ke3 e5 27. fxe5+
dxe5 28. a5 Rxg7 29. Rf1+ Ke7 30. a6 Rg8 31. Rb1 Rg2 32. Kf3 Rg8 33. Rb7+ Kd6
34. a7 Rf4+ 35. Ke3 Ra8 36. Bc4 Rh4 37. Rxf7 Rh3+ 38. Kd2 Ra3 39. Rxh7 R8xa7
40. Rh6+ Kc5 41. Bd3 Rd7 42. Re6 Kd4 43. Rc6 Rxd3+ 44. cxd3 Rc7 45. Rd6+ Kc5
46. Rd5+ Kc6 47. Rxe5 Ra7 48. Ke3 Kd6 49. Rh5 Ra4 50. Rd5+ Ke6 51. Kf4 Ra1 52.
Rb5 Rf1+ 53. Ke3 Ra1 54. Rb6+ Ke7 55. d4 Rf1 56. d5 Rh1 57. Kd4 Rh2 58. Rb7+
Kd8 59. Kc5 Re2 60. Kd6 Kc8 61. Rc7+ Kb8 62. Rc4 1-0

[Event "Benidorm 2015 - sub2000"]
[Site "Benidorm ESP"]
[Date "2015.12.01"]
[Round "4.5"]
[White "Goodfellow, Russell Robert"]
[Black "Scala, Lijubomir"]
[Result "1-0"]
[WhiteElo "1783"]
[BlackElo "1950"]
[PlyCount "71"]
[EventDate "2015.11.28"]
[EventType "swiss"]
[EventRounds "10"]
[EventCountry "ESP"]
[Source "lmi"]
[SourceDate "2015.11.28"]
[WhiteClock "0:35:17"]
[BlackClock "0:13:34"]

1. e4 e6 2. d4 d5 3. Nd2 Nf6 4. e5 Nfd7 5. f4 c5 6. c3 Nc6 7. Ndf3 Be7 8. Be2
Qb6 9. g3 cxd4 10. cxd4 Bb4+ 11. Kf1 O-O 12. Kg2 f6 13. h4 fxe5 14. fxe5 Be7
15. Rh2 a5 16. Bd3 h6 17. Kh1 Qc7 18. Bf4 b6 19. Rc1 Qb7 20. Bb1 Nd8 21. h5 Re8
22. Rhc2 Nf7 23. Rc7 Qb8 24. Qd3 Nf8 25. Qb5 Ba6 26. Qc6 Ra7 27. Rxa7 Qxa7 28.
Qxe8 Ng5 29. Bg6 Nxf3 30. Qf7+ Kh8 31. Nxf3 Be2 32. Nh4 Qd7 33. Bb1 Bg4 34.
Ng6+ Nxg6 35. Bxg6 Bxh5 36. Bxh6 1-0

[Event "Benidorm 2015 - sub2000"]
[Site "Benidorm ESP"]
[Date "2015.12.01"]
[Round "4.6"]
[White "Trabazos Gallego, Javier"]
[Black "Picazo Picazo, Pedro Jesus"]
[Result "1/2-1/2"]
[WhiteElo "1949"]
[BlackElo "1833"]
[PlyCount "56"]
[EventDate "2015.11.28"]
[EventType "swiss"]
[EventRounds "10"]
[EventCountry "ESP"]
[Source "lmi"]
[SourceDate "2015.11.28"]
[WhiteClock "0:25:22"]
[BlackClock "0:38:40"]

1. e4 c5 2. Nc3 d6 3. f4 Nf6 4. Nf3 Bg4 5. Bb5+ Nc6 6. Bxc6+ bxc6 7. O-O e5 8.
d3 Be7 9. fxe5 dxe5 10. Be3 Nd7 11. h3 Bh5 12. Qe1 O-O 13. g4 Bg6 14. Qg3 Rb8
15. b3 Re8 16. Na4 a6 17. Qf2 c4 18. Rad1 cxb3 19. axb3 Rb5 20. Nc3 Rb8 21. Na4
Rb5 22. Nc3 Rb8 23. Na4 h5 24. g5 f6 25. h4 Rf8 26. Qg2 Bf7 27. g6 Be6 28. Nh2
f5 1/2-1/2

[Event "Benidorm 2015 - sub2000"]
[Site "Benidorm ESP"]
[Date "2015.12.01"]
[Round "4.7"]
[White "Muñoz Giron, Carlos"]
[Black "Hyshchuk, Andriy"]
[Result "0-1"]
[WhiteElo "1930"]
[BlackElo "1613"]
[PlyCount "97"]
[EventDate "2015.11.28"]
[EventType "swiss"]
[EventRounds "10"]
[EventCountry "ESP"]
[Source "lmi"]
[SourceDate "2015.11.28"]

1. Nf3 d5 2. d4 Nf6 3. c4 c6 4. cxd5 cxd5 5. Nc3 Nc6 6. e3 Bf5 7. Qb3 Rb8 8.
Be2 e6 9. O-O Bd6 10. Nb5 Be7 11. Bd2 O-O 12. Rfd1 a6 13. Nc3 Na5 14. Qa4 Nc6
15. Rdc1 Qb6 16. Nd1 Rfc8 17. a3 Ne4 18. Be1 Nf6 19. b4 Ra8 20. Nc3 h6 21. Qd1
Qd8 22. Na4 Nd7 23. Qb3 b5 24. Nc5 Nxc5 25. bxc5 Bf6 26. Rd1 Rab8 27. Rac1 Rc7
28. h3 Ra7 29. Rd2 Na5 30. Qc3 Nc4 31. Rdd1 Rab7 32. Nd2 Qd7 33. Bxc4 bxc4 34.
e4 Bh7 35. Kh2 Qe8 36. Kg1 Qc6 37. exd5 exd5 38. Nxc4 dxc4 39. Qxc4 Qb5 40. c6
Rc8 41. d5 Rb6 42. Qg4 Rbb8 43. c7 Ra8 44. a4 Qe8 45. d6 h5 46. Qxh5 Qd7 47.
Qd5 Bf5 48. Bb4 Be6 49. a5 0-1

[Event "Benidorm 2015 - sub2000"]
[Site "Benidorm ESP"]
[Date "2015.12.02"]
[Round "5.1"]
[White "Corral Aragon, Juan Maria"]
[Black "Blesa Fernandez, Francisco"]
[Result "0-1"]
[WhiteElo "1827"]
[BlackElo "1997"]
[PlyCount "100"]
[EventDate "2015.11.28"]
[EventType "swiss"]
[EventRounds "10"]
[EventCountry "ESP"]
[Source "lmi"]
[SourceDate "2015.11.28"]
[WhiteClock "1:02:55"]
[BlackClock "0:13:04"]

1. e4 c5 2. Nf3 e6 3. d4 cxd4 4. Nxd4 Nc6 5. Be3 a6 6. Be2 Nf6 7. Nd2 d5 8.
Nxc6 bxc6 9. Bg5 Be7 10. e5 Nd7 11. Bxe7 Qxe7 12. f4 Qb4 13. O-O Qxb2 14. c4
O-O 15. Nf3 Nc5 16. Rc1 Ne4 17. Bd3 h6 18. Bxe4 dxe4 19. Qd4 Qxd4+ 20. Nxd4 a5
21. Nxc6 Bb7 22. Nd4 Rfd8 23. Rfd1 Rac8 24. Kf2 Rc5 25. Nb3 Rxd1 26. Rxd1 Rxc4
27. Nxa5 Rc2+ 28. Ke3 Bd5 29. Rd2 Rxd2 30. Kxd2 Bxa2 31. Nb7 Bd5 32. Nd6 e3+
33. Kxe3 Bxg2 34. f5 exf5 35. Nxf5 Bh3 36. Ne7+ Kf8 37. Nd5 Be6 38. Nf4 Ke7 39.
Kd4 Ba2 40. Nh5 g5 41. Nf6 Ke6 42. Ng8 h5 43. Nf6 h4 44. h3 Kf5 45. Ng4 Kf4 46.
Nf2 Be6 47. Nd3+ Kg3 48. Ke3 Bxh3 49. Nf2 Bf5 50. Nh1+ Kg2 0-1

[Event "Benidorm 2015 - sub2000"]
[Site "Benidorm ESP"]
[Date "2015.12.02"]
[Round "5.2"]
[White "Goodfellow, Russell Robert"]
[Black "Zibaei, Abdoullah"]
[Result "1-0"]
[WhiteElo "1783"]
[BlackElo "1914"]
[PlyCount "71"]
[EventDate "2015.11.28"]
[EventType "swiss"]
[EventRounds "10"]
[EventCountry "ESP"]
[Source "lmi"]
[SourceDate "2015.11.28"]
[WhiteClock "0:33:00"]
[BlackClock "0:00:38"]

1. e4 e5 2. Nf3 Nc6 3. d4 exd4 4. Nxd4 Bc5 5. Nb3 Bb6 6. a4 a5 7. Nc3 d6 8. Bf4
Nf6 9. Qd2 Be6 10. O-O-O h6 11. f3 O-O 12. Nd5 Bxd5 13. exd5 Nb4 14. Bc4 Qd7
15. c3 Na6 16. Bb5 Qc8 17. g4 Nc5 18. Nxc5 Bxc5 19. Bxh6 Nxd5 20. Qxd5 gxh6 21.
Bc4 Qd7 22. Qxc5 Qxa4 23. Qb5 Qxb5 24. Bxb5 c6 25. Bd3 Kg7 26. Rhe1 Kf6 27. f4
Rg8 28. h3 a4 29. Bf5 Rgd8 30. Bc2 b5 31. h4 Ra7 32. g5+ Kg7 33. f5 f6 34.
gxf6+ Kf7 35. Re6 Rad7 36. Rg1 1-0

[Event "Benidorm 2015 - sub2000"]
[Site "Benidorm ESP"]
[Date "2015.12.02"]
[Round "5.3"]
[White "Stamenov, Valeriy"]
[Black "Milchenko, Valerii"]
[Result "0-1"]
[WhiteElo "1913"]
[BlackElo "1743"]
[PlyCount "113"]
[EventDate "2015.11.28"]
[EventType "swiss"]
[EventRounds "10"]
[EventCountry "ESP"]
[Source "lmi"]
[SourceDate "2015.11.28"]

1. e4 b6 2. d4 e6 3. Nf3 Bb7 4. Bd3 Nc6 5. c3 Nge7 6. O-O Ng6 7. Be3 Be7 8.
Nbd2 d5 9. e5 f5 10. exf6 gxf6 11. Qe2 Qd6 12. Rfe1 O-O-O 13. Ba6 e5 14. Bxb7+
Kxb7 15. Nb3 e4 16. Nfd2 f5 17. Nf1 f4 18. Bd2 Nh4 19. Rec1 Nxg2 20. Qb5 Qg6
21. Ng3 fxg3 22. hxg3 e3 23. Kxg2 exd2 24. Nxd2 h5 25. Rh1 h4 26. Qe2 hxg3 27.
fxg3 Rhg8 28. Rh3 Rde8 29. Nf1 Ba3 30. Qf2 Rgf8 31. Qd2 Qe4+ 32. Kg1 Bd6 33.
Rd1 Nd8 34. Rh4 Qf3 35. Rh2 Bxg3 36. Nxg3 Qxg3+ 37. Rg2 Qe3+ 38. Qxe3 Rxe3 39.
Rf1 Rxf1+ 40. Kxf1 Rf3+ 41. Ke2 Rf5 42. Kd2 Ne6 43. Kc2 Ng5 44. Kb3 Nf7 45. Rh2
Nd6 46. Re2 a5 47. a4 Kc6 48. Rh2 b5 49. axb5+ Kxb5 50. Kc2 Rf3 51. Kb3 a4+ 52.
Ka3 Nc4+ 53. Ka2 Rd3 54. Rh5 c6 55. Rh8 Rd1 56. Rb8+ Nb6 57. b3 0-1

[Event "Benidorm 2015 - sub2000"]
[Site "Benidorm ESP"]
[Date "2015.12.02"]
[Round "5.4"]
[White "Hyshchuk, Andriy"]
[Black "Rios Torondell, Jaume"]
[Result "1-0"]
[WhiteElo "1613"]
[BlackElo "1861"]
[PlyCount "157"]
[EventDate "2015.11.28"]
[EventType "swiss"]
[EventRounds "10"]
[EventCountry "ESP"]
[Source "lmi"]
[SourceDate "2015.11.28"]
[WhiteClock "0:24:13"]
[BlackClock "0:00:34"]

1. e4 e6 2. d4 d5 3. e5 c5 4. c3 Qb6 5. Nf3 Nc6 6. a3 c4 7. Be2 Na5 8. Nbd2 Bd7
9. O-O Ne7 10. Rb1 h6 11. Qc2 O-O-O 12. b3 cxb3 13. Nxb3 Ba4 14. Nfd2 Nec6 15.
Qa2 Nxb3 16. Nxb3 Bxb3 17. Rxb3 Qc7 18. Bd2 Na5 19. Rb2 Nc4 20. Bxc4 dxc4 21.
Rfb1 b6 22. a4 Rd5 23. Bc1 Be7 24. h3 Rhd8 25. Re2 Qc6 26. Reb2 Ra5 27. Rb5 Rd5
28. Rxa5 Rxa5 29. Qc2 Qxa4 30. Qe4 Rd5 31. Bb2 Qa2 32. Kh2 Ba3 33. Bxa3 Qxa3
34. Qe1 Ra5 35. Qe4 Rd5 36. Qe1 Kb8 37. Ra1 Qb2 38. Rb1 Qc2 39. Rc1 Qa4 40. Ra1
Qc6 41. Qe4 Qd7 42. Qe2 b5 43. Qb2 Qb7 44. Qb4 Rd8 45. Qa5 Rd7 46. Rb1 Rd5 47.
Qb4 g6 48. Qf8+ Qc8 49. Qxf7 g5 50. Qe7 a6 51. Qb4 Rd7 52. Qa5 Qc6 53. Qb4 Qc8
54. Ra1 Rd5 55. Ra5 Rd7 56. Qa3 Ra7 57. Qd6+ Ka8 58. Qb6 h5 59. Kg1 g4 60. h4
g3 61. fxg3 Qg8 62. Kh2 Qc8 63. Ra1 Qd7 64. Rxa6 Rxa6 65. Qxa6+ Kb8 66. Kh3 Qe8
67. Qd6+ Kc8 68. Kh2 Qd7 69. Qf8+ Kc7 70. Qf3 Qe8 71. g4 hxg4 72. Qxg4 b4 73.
Qe2 bxc3 74. Qc2 Qb5 75. Qxc3 Qb3 76. Qa5+ Kc6 77. Qc5+ Kb7 78. Qe7+ Kb8 79.
Qxe6 {Q

[Event "Benidorm 2015 - sub2000"]
[Site "Benidorm ESP"]
[Date "2015.12.02"]
[Round "5.5"]
[White "Constantino, Gudlack"]
[Black "Perez Garcia, Jose Miguel"]
[Result "1/2-1/2"]
[WhiteElo "1994"]
[BlackElo "1928"]
[PlyCount "73"]
[EventDate "2015.11.28"]
[EventType "swiss"]
[EventRounds "10"]
[EventCountry "ESP"]
[Source "lmi"]
[SourceDate "2015.11.28"]
[WhiteClock "0:02:28"]
[BlackClock "0:24:52"]

1. e4 c6 2. d4 d5 3. Nd2 dxe4 4. Nxe4 Nf6 5. Ng3 e6 6. Nf3 c5 7. Bd3 Nc6 8. Be3
Nd5 9. c3 cxd4 10. Bxd4 Nxd4 11. Nxd4 Bc5 12. O-O Bxd4 13. Qa4+ Bd7 14. Qxd4
Qf6 15. Qxf6 Nxf6 16. Ne4 Nxe4 17. Bxe4 Ke7 18. Rfd1 Rad8 19. b3 b6 20. Rd2 h6
21. Rad1 Bc8 22. f4 Rxd2 23. Rxd2 Bd7 24. Kf2 g5 25. g3 gxf4 26. gxf4 Rg8 27.
c4 Rg4 28. Ke3 Rg1 29. b4 Ba4 30. c5 bxc5 31. bxc5 Rc1 32. Kd4 Bb5 33. Rc2 Rd1+
34. Ke3 Re1+ 35. Kf3 Rf1+ 36. Ke3 Re1+ 37. Kf3 1/2-1/2